000 00484nam a22001697a 4500
005 20251108170033.0
008 250721s9999 xx 000 0 ara d
082 1 4 _aط/ق/قزم
245 1 0 _aالقزم الفهيم /
264 1 _aبيروت :
_bدار شهرزاد،
_c[19-].
300 _a23ص : مصورة بالألوان
490 0 _aحكايات جدتي
650 1 7 _aأدب الأطفال
650 1 7 _aالقصص العربية
942 _2ddc
_cBK
999 _c38068
_d38068